[Event "ROM-chT (Women)"]
[Site "Brasov"]
[Date "2011.10.12"]
[Round "5.4"]
[White "Plass, Mariana Camelia"]
[Black "Duminica, Mariana"]
[Result "1-0"]
[WhiteElo "2151"]
[BlackElo "2001"]
[PlyCount "79"]
[EventDate "2011.10.08"]
[EventType "team-tourn"]
[EventRounds "9"]
[EventCountry "ROU"]
[SourceTitle "CBM 144 Extra"]
[Source "ChessBase"]
[SourceDate "2011.10.28"]
[SourceVersion "1"]
[SourceVersionDate "2011.10.28"]
[SourceQuality "1"]
[WhiteTeam "Bucharest Siciliana (W)"]
[BlackTeam "Central Club de Sah (W)"]
[WhiteTeamCountry "ROU"]
[BlackTeamCountry "ROU"]

1. d4 d6 2. Nf3 Bg4 3. c4 Nc6 4. d5 Ne5 5. Nxe5 dxe5 6. Qb3 Qc8 7. e4 Nf6 8. Bd3 Bd7 9. Qc3 g6 10. Qxe5 Bg7 11. Nc3 0-0 12. Qg5 Ng4 13. 0-0 f5 14. exf5 Ne5 15. Be2 Bxf5 16. Qxe7 Bf6 17. Qa3 Nd3 18. Be3 Re8 19. Nd1 Ne5 20. Bf4 Qd7 21. Ne3 g5 22. Bg3 Bg6 23. Rad1 h5 24. c5 g4 25. Nc4 Nf7 26. Bd3 Be4 27. d6 c6 28. Rde1 Bd5 29. Ne3 Be6 30. f4 gxf3 31. Rxf3 Bd4 32. Qb4 Bg7 33. Nf5 Ng5 34. Rfe3 Bf6 35. h4 Nf7 36. Qf4 Bxb2 37. Ne7+ Rxe7 38. dxe7 Bd4 39. Qe4 Qxe7 40. Qxd4 1-0

[Event "Bucharest Roses Cup (Women)"]
[Site "Bucharest"]
[Date "2003.04.08"]
[Round "1.5"]
[White "Sandu, Mihaela"]
[Black "Duminica, Mariana"]
[Result "1-0"]
[WhiteElo "2004"]
[BlackElo "2055"]
[PlyCount "83"]
[EventDate "2003.04.04"]
[EventType "tourn"]
[EventRounds "8"]
[EventCountry "ROU"]
[SourceTitle "EXT 2008"]
[Source "ChessBase"]
[SourceDate "2007.11.25"]
[SourceVersion "1"]
[SourceVersionDate "2007.11.25"]
[SourceQuality "1"]

1. e4 e5 2. Nf3 Nc6 3. Bb5 d6 4. d4 exd4 5. Nxd4 Bd7 6. 0-0 Nf6 7. c4 Be7 8. Nc3 0-0 9. a3 a6 10. Ba4 Nxd4 11. Bxd7 Nxd7 12. Qxd4 Bf6 13. Qd5 Nc5 14. Bf4 Re8 15. f3 c6 16. Qxd6 Qb6 17. Be3 Qxb2 18. Qxc5 Qxc3 19. Rac1 Qe5 20. Qxe5 Bxe5 21. c5 Rad8 22. Rcd1 Kf8 23. a4 Ke7 24. f4 Bc3 25. Kf2 f6 26. Kf3 a5 27. g4 Rh8 28. h4 h5 29. gxh5 Rxh5 30. Rxd8 Kxd8 31. Kg4 Rh8 32. Rd1+ Ke7 33. h5 Bb4 34. Rd3 Rh7 35. Bf2 Rh8 36. e5 Rf8 37. exf6+ gxf6 38. h6 Rh8 39. Kh5 Rc8 40. h7 Ke6 41. Kh6 Kf5 42. Rg3 1-0

[Event "Martisor Cup op"]
[Site "Bucharest"]
[Date "2002.03.05"]
[Round "7"]
[White "Duminica, Mariana"]
[Black "Baciu, Stefan"]
[Result "1/2-1/2"]
[WhiteElo "2029"]
[BlackElo "2230"]
[PlyCount "82"]
[EventDate "2002.03.01"]
[EventType "swiss"]
[EventRounds "9"]
[EventCountry "ROU"]
[SourceTitle "CBM 087 Extra"]
[Source "ChessBase"]
[SourceDate "2002.05.03"]
[SourceVersion "2"]
[SourceVersionDate "2002.08.09"]
[SourceQuality "1"]

1. e4 d6 2. d4 Nf6 3. Nc3 g6 4. Be2 c6 5. h4 h5 6. Nh3 b5 7. Bf3 b4 8. Ne2 Bg4 9. Ng3 Nbd7 10. Ng5 Bg7 11. Bf4 0-0 12. Qd2 Bxf3 13. Nxf3 c5 14. c3 bxc3 15. bxc3 Qa5 16. 0-0 cxd4 17. cxd4 Qxd2 18. Bxd2 Rfc8 19. Rfc1 Ne8 20. Rab1 Nb6 21. e5 e6 22. Ne4 dxe5 23. dxe5 Rc4 24. Neg5 Rac8 25. Rxc4 Rxc4 26. Be3 Rc6 27. a4 Nd7 28. Bxa7 Nxe5 29. Nxe5 Bxe5 30. a5 Bc7 31. Bb6 Nd6 32. Nf3 Bxb6 33. axb6 Nb7 34. Kf1 f6 35. Ke2 e5 36. Nd2 Kf7 37. Ne4 Ke6 38. g3 Rc4 39. f3 Rc6 40. Rb5 Kd7 41. g4 hxg4 1/2-1/2

[Event "Martisor Cup op"]
[Site "Bucharest"]
[Date "2002.03.04"]
[Round "6"]
[White "Baciu, Anca Otilia"]
[Black "Duminica, Mariana"]
[Result "0-1"]
[WhiteElo "2119"]
[BlackElo "2029"]
[PlyCount "76"]
[EventDate "2002.03.01"]
[EventType "swiss"]
[EventRounds "9"]
[EventCountry "ROU"]
[SourceTitle "CBM 087 Extra"]
[Source "ChessBase"]
[SourceDate "2002.05.03"]
[SourceVersion "2"]
[SourceVersionDate "2002.08.09"]
[SourceQuality "1"]

1. e4 e5 2. Nf3 Nc6 3. Bb5 d6 4. d4 Bd7 5. dxe5 dxe5 6. 0-0 Nf6 7. Nc3 Bd6 8. Bg5 h6 9. Bh4 a6 10. Bc4 0-0 11. Nd5 g5 12. Nxf6+ Qxf6 13. Bg3 Bg4 14. c3 Rad8 15. Bd5 Rd7 16. Qa4 Nd8 17. Nd2 c6 18. Bb3 Be2 19. Rfe1 Bb5 20. Qa5 Bc7 21. Qa3 Rxd2 22. c4 Ne6 23. cxb5 axb5 24. Qb4 Rd4 25. Qc3 Nf4 26. Rad1 Rfd8 27. Bxf4 Qxf4 28. Qf3 Qxf3 29. gxf3 Rd2 30. Rxd2 Rxd2 31. Rd1 Rxb2 32. Rd7 Bb6 33. Rxb7 Bxf2+ 34. Kf1 Bd4 35. Bxf7+ Kf8 36. Bg6 Rxa2 37. Rh7 Rf2+ 38. Ke1 Rxf3 0-1

[Event "ROM-ch sf (Women)"]
[Site "Sovata"]
[Date "2001.03.15"]
[Round "6"]
[White "Bogza, Oana"]
[Black "Duminica, Mariana"]
[Result "1-0"]
[WhiteElo "2126"]
[BlackElo "2073"]
[PlyCount "83"]
[EventDate "2001.03.10"]
[EventType "swiss"]
[EventRounds "9"]
[EventCountry "ROU"]
[SourceTitle "EXT 2008"]
[Source "ChessBase"]
[SourceDate "2007.11.25"]
[SourceVersion "1"]
[SourceVersionDate "2007.11.25"]
[SourceQuality "1"]

1. Nf3 d6 2. g3 e5 3. Bg2 Nf6 4. d3 c6 5. 0-0 Be7 6. c4 Nbd7 7. Nc3 0-0 8. Rb1 a5 9. a3 d5 10. cxd5 cxd5 11. d4 e4 12. Ne5 Bd6 13. Bf4 Qe7 14. Qb3 Nxe5 15. dxe5 Bxe5 16. Nxd5 Nxd5 17. Qxd5 Bxf4 18. gxf4 e3 19. f5 Ra6 20. Qe4 exf2+ 21. Rxf2 Qc5 22. Rbf1 Rf6 23. b4 axb4 24. axb4 Qb5 25. Qd4 Bd7 26. e4 Re8 27. Rd2 Bc6 28. Ra1 Bxe4 29. Bxe4 Rb6 30. Rb1 h6 31. Kh1 Kf8 32. Rc2 Qe5 33. Qxe5 Rxe5 34. Rc4 Ke7 35. Rc7+ Kf6 36. Rxb7 Rxb7 37. Bxb7 Kxf5 38. b5 Re8 39. b6 Rb8 40. Bf3 Ke5 41. b7 Kd6 42. Rc1 1-0

[Event "ROM-ch sf (Women)"]
[Site "Sovata"]
[Date "2001.03.10"]
[Round "1"]
[White "Duminica, Mariana"]
[Black "Vasiesiu, Cristina"]
[Result "0-1"]
[WhiteElo "2073"]
[BlackElo "2247"]
[PlyCount "100"]
[EventDate "2001.03.10"]
[EventType "swiss"]
[EventRounds "9"]
[EventCountry "ROU"]
[SourceTitle "EXT 2008"]
[Source "ChessBase"]
[SourceDate "2007.11.25"]
[SourceVersion "1"]
[SourceVersionDate "2007.11.25"]
[SourceQuality "1"]

1. e4 c5 2. Nc3 Nc6 3. f4 d6 4. Nf3 g6 5. d3 Bg7 6. g3 Nd4 7. Bg2 Bg4 8. 0-0 e6 9. Be3 Nxf3+ 10. Bxf3 Bxf3 11. Qxf3 Ne7 12. e5 0-0 13. Ne4 Nf5 14. c3 Nxe3 15. Qxe3 dxe5 16. fxe5 Bxe5 17. Nxc5 Qc7 18. d4 Bg7 19. Rf2 e5 20. dxe5 Bxe5 21. Nd3 Bg7 22. Raf1 b6 23. Qf3 Rae8 24. Re2 Rxe2 25. Qxe2 Qc4 26. a3 Rd8 27. Rf3 Kf8 28. Qe3 Qa2 29. Rf1 Qc4 30. Ne5 Qe6 31. Re1 Bxe5 32. Qxe5 Qxe5 33. Rxe5 Rd2 34. Rb5 Ke7 35. a4 Kd6 36. a5 Rd5 37. Rxd5+ Kxd5 38. Kf2 Kc4 39. Ke3 Kb3 40. Kd4 Kxb2 41. c4 Kb3 42. axb6 axb6 43. c5 bxc5+ 44. Kxc5 Kc3 45. Kd5 Kd3 46. Ke5 Ke3 47. Kf6 Kf3 48. Kxf7 Kg2 49. Kg7 Kxh2 50. Kxh7 g5 0-1

[Event "ROM-ch (Women)"]
[Site "Baile Tusnad"]
[Date "2001.02.16"]
[Round "9"]
[White "Duminica, Mariana"]
[Black "Cosma, Elena Luminita"]
[Result "0-1"]
[WhiteElo "2073"]
[BlackElo "2343"]
[PlyCount "104"]
[EventDate "2001.02.05"]
[EventType "tourn"]
[EventRounds "13"]
[EventCountry "ROU"]
[SourceTitle "CBM 080 Extra"]
[Source "ChessBase"]
[SourceDate "2001.03.08"]
[SourceVersion "1"]
[SourceVersionDate "2001.03.08"]
[SourceQuality "1"]

1. e4 c5 2. Nf3 Nc6 3. d4 cxd4 4. Nxd4 Qc7 5. Nc3 e6 6. Be2 a6 7. f4 Nxd4 8. Qxd4 b5 9. Bf3 Bb7 10. Qf2 Rc8 11. a3 Bc5 12. Be3 Ne7 13. 0-0 Bxe3 14. Qxe3 0-0 15. Rad1 Rfd8 16. Rf2 d6 17. Rfd2 Bc6 18. Qf2 a5 19. Ne2 b4 20. axb4 axb4 21. c3 d5 22. exd5 Bxd5 23. Bxd5 Rxd5 24. Rxd5 Nxd5 25. Qd4 bxc3 26. bxc3 g6 27. Rd3 Qc4 28. Qxc4 Rxc4 29. g3 Kf8 30. Kf2 Ke7 31. Ke1 Ra4 32. Rd2 h5 33. h4 Nf6 34. Rd4 Rxd4 35. Nxd4 Ne4 36. Ne2 Kd6 37. Kd1 Kc5 38. Kc2 Kc4 39. Kb2 Kd3 40. Nc1+ Ke3 41. Kc2 Nxg3 42. Nd3 Nf5 43. Ne5 Kxf4 44. Nxf7 Nxh4 45. Kd3 Nf5 46. c4 h4 47. Ke2 g5 48. Nd8 Nd4+ 49. Kf2 g4 50. c5 h3 51. c6 g3+ 52. Kf1 Kf3 0-1

[Event "ROM-ch (Women)"]
[Site "Baile Tusnad"]
[Date "2001.02.12"]
[Round "6"]
[White "Moldovan, Corina"]
[Black "Duminica, Mariana"]
[Result "1-0"]
[WhiteElo "2226"]
[BlackElo "2073"]
[PlyCount "93"]
[EventDate "2001.02.05"]
[EventType "tourn"]
[EventRounds "13"]
[EventCountry "ROU"]
[SourceTitle "CBM 080 Extra"]
[Source "ChessBase"]
[SourceDate "2001.03.08"]
[SourceVersion "1"]
[SourceVersionDate "2001.03.08"]
[SourceQuality "1"]

1. d4 d6 2. Nf3 Bg4 3. Nbd2 Nd7 4. c3 e5 5. dxe5 dxe5 6. e4 Ngf6 7. Qc2 c6 8. Be2 Qc7 9. 0-0 Be7 10. Nc4 0-0 11. Bg5 h6 12. Bh4 b5 13. Ne3 Bxf3 14. Bxf3 g6 15. Rad1 Nc5 16. Bg3 h5 17. h3 Rfd8 18. b3 a6 19. Rxd8+ Rxd8 20. Rd1 Rxd1+ 21. Nxd1 Qd6 22. Nb2 Nfd7 23. Be2 Bg5 24. f3 Be3+ 25. Kf1 Qf6 26. Nd1 Bf4 27. Bf2 Ne6 28. Qd3 Qe7 29. b4 Bh6 30. a4 Kg7 31. axb5 axb5 32. c4 Nf4 33. Qc3 Nxe2 34. Kxe2 Qg5 35. Ne3 Nb6 36. cxb5 cxb5 37. h4 Qe7 38. Qc5 Qe6 39. Nd5 Na4 40. Qxb5 Qxd5 41. Qxd5 Nc3+ 42. Kd3 Nxd5 43. exd5 Kf8 44. b5 Ke7 45. Ba7 Kd7 46. b6 Bf8 47. b7 1-0

[Event "ROM-ch (Women)"]
[Site "Baile Tusnad"]
[Date "2001.02.09"]
[Round "3"]
[White "Duminica, Mariana"]
[Black "Trofim, Georgiana"]
[Result "1/2-1/2"]
[WhiteElo "2073"]
[BlackElo "2102"]
[PlyCount "89"]
[EventDate "2001.02.05"]
[EventType "tourn"]
[EventRounds "13"]
[EventCountry "ROU"]
[SourceTitle "CBM 080 Extra"]
[Source "ChessBase"]
[SourceDate "2001.03.08"]
[SourceVersion "1"]
[SourceVersionDate "2001.03.08"]
[SourceQuality "1"]

1. e4 c5 2. Nf3 d6 3. d4 cxd4 4. Nxd4 Nf6 5. Nc3 a6 6. f3 e6 7. Be3 b5 8. Qd2 Bb7 9. 0-0-0 Nbd7 10. g4 h6 11. h4 Ne5 12. Bd3 b4 13. Nce2 d5 14. Ng3 dxe4 15. Nxe4 Nxf3 16. Nxf6+ gxf6 17. Qf2 Nxd4 18. Bxd4 Bxh1 19. Bxf6 Qa5 20. Rxh1 Rg8 21. Bh7 Rxg4 22. Qf3 Qd5 23. Qxd5 exd5 24. Re1+ Re4 25. Bxe4 dxe4 26. Rxe4+ Kd7 27. h5 Rb8 28. Bd4 Rb5 29. Rf4 Ke7 30. Be3 Ke6 31. Rc4 Rxh5 32. Rc6+ Kd5 33. Rxa6 Ke4 34. Ba7 Be7 35. Ra4 Rh1+ 36. Kd2 Rh2+ 37. Kd1 Rh1+ 38. Ke2 Rh2+ 39. Kd1 Kf3 40. Bb8 Rg2 41. Ra7 Bg5 42. Rxf7+ Ke4 43. Rc7 Kf3 44. Rf7+ Ke4 45. Rc7 1/2-1/2

[Event "ROM-ch sf (Women)"]
[Site "Baile Tusnad"]
[Date "2000.??.??"]
[Round "9"]
[White "Adoamnei, Roxana Antonela"]
[Black "Duminica, Mariana"]
[Result "0-1"]
[WhiteElo "2076"]
[BlackElo "2107"]
[PlyCount "60"]
[EventDate "2000.05.??"]
[EventType "swiss"]
[EventRounds "9"]
[EventCountry "ROU"]
[SourceTitle "EXT 2001"]
[Source "ChessBase"]
[SourceDate "2000.11.22"]
[SourceVersion "1"]
[SourceVersionDate "2000.11.22"]
[SourceQuality "1"]

1. d4 c5 2. Nf3 cxd4 3. Nxd4 d5 4. g3 e5 5. Nb3 Nf6 6. Bg2 Bb4+ 7. c3 Be7 8. N1d2 Nc6 9. 0-0 Bg4 10. f3 Be6 11. Qc2 Rc8 12. Re1 0-0 13. Nf1 d4 14. Bd2 Qb6 15. Kh1 dxc3 16. bxc3 Nd4 17. Qb2 Nb5 18. Be3 Qa6 19. Bd2 Ba3 20. Qc2 Nd4 21. Qd1 Nb5 22. Qc2 Bb4 23. Rac1 Nxc3 24. Bxc3 Rxc3 25. Qb1 Rxc1 26. Rxc1 Qxe2 27. Rc7 Bd5 28. Nc1 Qb5 29. Qf5 Be6 30. Qc2 Ne8 0-1

[Event "Centrocoop op"]
[Site "Eforie Nord"]
[Date "2000.??.??"]
[Round "?"]
[White "Duminica, Mariana"]
[Black "Andries, Eugen"]
[Result "0-1"]
[WhiteElo "2080"]
[BlackElo "1655"]
[PlyCount "92"]
[EventDate "2000.??.??"]
[EventType "swiss"]
[EventRounds "9"]
[EventCountry "ROU"]
[SourceTitle "EXT 2004"]
[Source "ChessBase"]
[SourceDate "2003.11.25"]
[SourceVersion "1"]
[SourceVersionDate "2003.11.25"]
[SourceQuality "1"]

1. e4 c5 2. Nf3 e6 3. d4 cxd4 4. Nxd4 a6 5. Be3 Nf6 6. Nd2 Qc7 7. f4 d6 8. Qf3 Nc6 9. 0-0-0 Nxd4 10. Bxd4 e5 11. Be3 Bg4 12. Qg3 Bxd1 13. Kxd1 0-0-0 14. Bd3 g6 15. fxe5 dxe5 16. Rf1 Nh5 17. Qf2 Rd7 18. Be2 Nf4 19. Bxf4 exf4 20. Bg4 f5 21. exf5 Kb8 22. fxg6 Rg7 23. Qxf4 Qxf4 24. Rxf4 Bd6 25. Rf7 Rxg6 26. Bf3 Bc7 27. c4 Rd6 28. Kc2 Rhd8 29. Nb3 R8d7 30. Rxd7 Rxd7 31. Nc5 Rf7 32. h3 Be5 33. b4 Bd4 34. Nb3 Bf2 35. Bd5 Rf4 36. b5 axb5 37. cxb5 h5 38. Bf3 h4 39. Na5 Ra4 40. Nxb7 Rxa2+ 41. Kb3 Rd2 42. Na5 Kc7 43. Nc4 Rd3+ 44. Kc2 Rd4 45. Kc3 Rd8 46. Ne5 Bd4+ 0-1

[Event "Centrocoop op"]
[Site "Eforie Nord"]
[Date "2000.??.??"]
[Round "?"]
[White "Frantsuzova, Lyudmila Nikola"]
[Black "Duminica, Mariana"]
[Result "0-1"]
[WhiteElo "2120"]
[BlackElo "2080"]
[PlyCount "62"]
[EventDate "2000.??.??"]
[EventType "swiss"]
[EventRounds "9"]
[EventCountry "ROU"]
[SourceTitle "EXT 2004"]
[Source "ChessBase"]
[SourceDate "2003.11.25"]
[SourceVersion "1"]
[SourceVersionDate "2003.11.25"]
[SourceQuality "1"]

1. d4 c5 2. c3 cxd4 3. cxd4 d5 4. Nf3 Nc6 5. a3 Bf5 6. Nc3 e6 7. Bg5 Be7 8. h4 Nf6 9. e3 h6 10. Bf4 0-0 11. Bd3 Ne4 12. Rc1 Qa5 13. Kf1 Bxa3 14. Bxe4 dxe4 15. bxa3 exf3 16. Qxf3 Qxa3 17. e4 Bh7 18. Qg3 Kh8 19. Be3 Nxd4 20. Bxd4 Qxc1+ 21. Ke2 Qc2+ 22. Ke3 f6 23. f4 Rac8 24. Qe1 Rfd8 25. Rh3 Rxc3+ 26. Qxc3 Qxe4+ 27. Kf2 Qxf4+ 28. Kg1 Qxd4+ 29. Qxd4 Rxd4 30. Rb3 Be4 31. Kf2 a5 0-1

[Event "Centrocoop June op-B"]
[Site "Eforie Nord"]
[Date "1999.06.??"]
[Round "?"]
[White "Duminica, Mariana"]
[Black "Goreacinic, Dmitri"]
[Result "0-1"]
[WhiteElo "2160"]
[BlackElo "2160"]
[PlyCount "59"]
[EventDate "1999.06.??"]
[EventType "swiss"]
[EventRounds "11"]
[EventCountry "ROU"]
[SourceTitle "EXT 2004"]
[Source "ChessBase"]
[SourceDate "2003.11.25"]
[SourceVersion "1"]
[SourceVersionDate "2003.11.25"]
[SourceQuality "1"]

1. e4 Nf6 2. e5 Nd5 3. d4 Nb6 4. Nf3 d5 5. exd6 Qxd6 6. Nc3 Bg4 7. Be2 Nc6 8. Be3 0-0-0 9. 0-0 Bxf3 10. Bxf3 Nxd4 11. Bxd4 Qxd4 12. Nb5 Qxd1 13. Raxd1 Rxd1 14. Rxd1 a6 15. Nc3 e6 16. Ne4 Be7 17. b3 Nd5 18. c4 Nb4 19. a4 c5 20. Kf1 Nc2 21. Nd6+ Bxd6 22. Rxd6 Nd4 23. b4 Nxf3 24. gxf3 cxb4 25. Rb6 a5 26. Rb5 b6 27. c5 bxc5 28. Rxc5+ Kd7 29. Rxa5 Rb8 30. Ke2 0-1

[Event "Centrocoop June op-B"]
[Site "Eforie Nord"]
[Date "1999.06.??"]
[Round "?"]
[White "Duminica, Mariana"]
[Black "Micsa, Liviu"]
[Result "1-0"]
[WhiteElo "2160"]
[BlackElo "1690"]
[PlyCount "65"]
[EventDate "1999.06.??"]
[EventType "swiss"]
[EventRounds "11"]
[EventCountry "ROU"]
[SourceTitle "EXT 2004"]
[Source "ChessBase"]
[SourceDate "2003.11.25"]
[SourceVersion "1"]
[SourceVersionDate "2003.11.25"]
[SourceQuality "1"]

1. e4 c5 2. Nf3 d6 3. d4 cxd4 4. Nxd4 Nf6 5. Nc3 a6 6. Be3 e6 7. Qd2 Be7 8. f3 0-0 9. g4 Qc7 10. 0-0-0 b5 11. g5 Nfd7 12. h4 Ne5 13. Bd3 Nc4 14. Bxc4 Qxc4 15. Kb1 b4 16. Nce2 a5 17. h5 Nd7 18. b3 Qa6 19. g6 Nf6 20. Rdg1 Bb7 21. gxf7+ Kxf7 22. Nf4 Bc8 23. Nh3 Ne8 24. Ng5+ Kg8 25. Ngxe6 Bxe6 26. Nxe6 Rxf3 27. Nxg7 Nxg7 28. Rxg7+ Kf8 29. Bd4 Rf1+ 30. Kb2 d5 31. Rxf1+ Qxf1 32. Qh6 Ra6 33. Rg6+ 1-0

[Event "Centrocoop June op-B"]
[Site "Eforie Nord"]
[Date "1999.06.??"]
[Round "?"]
[White "Greabca, Diana"]
[Black "Duminica, Mariana"]
[Result "0-1"]
[WhiteElo "2002"]
[BlackElo "2160"]
[PlyCount "88"]
[EventDate "1999.06.??"]
[EventType "swiss"]
[EventRounds "11"]
[EventCountry "ROU"]
[SourceTitle "EXT 2004"]
[Source "ChessBase"]
[SourceDate "2003.11.25"]
[SourceVersion "1"]
[SourceVersionDate "2003.11.25"]
[SourceQuality "1"]

1. e4 e5 2. Nf3 d6 3. Bc4 c6 4. h3 Be7 5. c3 Nf6 6. d3 0-0 7. 0-0 Nbd7 8. Re1 Nc5 9. b4 Ne6 10. Bb3 a5 11. d4 exd4 12. Nxd4 axb4 13. cxb4 d5 14. Nxe6 Bxe6 15. exd5 Nxd5 16. Bxd5 Bxd5 17. Bb2 Bf6 18. Qc2 Bxb2 19. Qxb2 Qg5 20. g3 Qf5 21. Nc3 Be6 22. g4 Qf6 23. Re2 h5 24. Ne4 Qh4 25. Re3 hxg4 26. Rg3 f5 27. Nc5 Bd5 28. Qd4 Rae8 29. Nd7 Re4 30. Qc3 Rfe8 31. Nc5 Re2 32. Nxb7 Bf3 33. Qc4+ Bd5 34. Qc3 R8e7 35. Nd6 Qh5 36. a4 Qg6 37. Nc8 R7e6 38. Nb6 Bf3 39. Qc4 Qf7 40. Kf1 f4 41. Rxg4 Bxg4 42. hxg4 f3 43. a5 Qf6 44. Ra3 Re1# 0-1

[Event "Bucharest TIT (Women)"]
[Site "Bucharest"]
[Date "1999.03.13"]
[Round "10"]
[White "Duminica, Mariana"]
[Black "Vasiesiu, Cristina"]
[Result "0-1"]
[WhiteElo "2162"]
[BlackElo "2180"]
[PlyCount "108"]
[EventDate "1999.03.04"]
[EventType "tourn"]
[EventRounds "15"]
[EventCountry "ROU"]
[SourceTitle "CBM 069 Extra"]
[Source "ChessBase"]
[SourceDate "1999.05.10"]
[SourceVersion "1"]
[SourceVersionDate "1999.05.10"]
[SourceQuality "1"]

1. e4 c5 2. Nf3 d6 3. Bb5+ Nd7 4. c4 Ngf6 5. Nc3 e6 6. d3 Be7 7. 0-0 0-0 8. Bxd7 Bxd7 9. Ne1 a6 10. a4 b6 11. Nc2 Qc7 12. f4 Bc6 13. Ne3 Rad8 14. Ng4 Nxg4 15. Qxg4 f5 16. Qe2 Qd7 17. b3 d5 18. cxd5 exd5 19. e5 d4 20. Nb1 b5 21. Nd2 bxa4 22. bxa4 Bxa4 23. Ba3 Bc6 24. Rfc1 Qd5 25. Nc4 Rb8 26. Rc2 Rfe8 27. Qd2 Ba4 28. Rcc1 Bb5 29. Rc2 Rec8 30. Rac1 Ba4 31. Rb2 Bb5 32. Rbc2 h6 33. Nd6 Bxd6 34. exd6 Qxd6 35. Rxc5 Rxc5 36. Rxc5 Qe6 37. Re5 Qb3 38. Bd6 Rd8 39. Be7 Re8 40. Bc5 Rxe5 41. fxe5 Qd5 42. Bd6 Bc6 43. Kf1 a5 44. Qf2 g6 45. g4 Bb5 46. Kg1 Bxd3 47. Qh4 Bc4 48. Qd8+ Kh7 49. g5 hxg5 50. Qxg5 Qe4 51. Qd8 Qe1+ 52. Kg2 Bd5+ 53. Kh3 Qe3+ 54. Kh4 Qf4+ 0-1

[Event "Bucharest TIT (Women)"]
[Site "Bucharest"]
[Date "1999.03.11"]
[Round "8"]
[White "Duminica, Mariana"]
[Black "Partac, Elena"]
[Result "1/2-1/2"]
[WhiteElo "2162"]
[BlackElo "2088"]
[PlyCount "69"]
[EventDate "1999.03.04"]
[EventType "tourn"]
[EventRounds "15"]
[EventCountry "ROU"]
[SourceTitle "CBM 069 Extra"]
[Source "ChessBase"]
[SourceDate "1999.05.10"]
[SourceVersion "1"]
[SourceVersionDate "1999.05.10"]
[SourceQuality "1"]

1. e4 c5 2. Nf3 d6 3. c3 Nf6 4. Bd3 g6 5. Bc2 Bg7 6. 0-0 Nc6 7. d3 0-0 8. Nbd2 e5 9. Nc4 Re8 10. Ne3 h6 11. h3 d5 12. Nh2 Kh7 13. exd5 Nxd5 14. Nxd5 Qxd5 15. Bb3 Qd7 16. Ng4 Qc7 17. Be3 b6 18. f4 f5 19. Nxe5 Nxe5 20. fxe5 Bxe5 21. Qd2 Bg7 22. d4 cxd4 23. Bxd4 Ba6 24. Rfe1 Rad8 25. Rxe8 Rxe8 26. Bxg7 Qxg7 27. Re1 Rxe1+ 28. Qxe1 Bb7 29. Qe6 Be4 30. a4 g5 31. Kf2 Qf8 32. Qe5 Qd8 33. Qd4 Qxd4+ 34. cxd4 f4 35. g3 1/2-1/2

[Event "Bucharest TIT (Women)"]
[Site "Bucharest"]
[Date "1999.03.10"]
[Round "7"]
[White "Petrenko, Svetlana"]
[Black "Duminica, Mariana"]
[Result "1-0"]
[WhiteElo "2262"]
[BlackElo "2162"]
[PlyCount "80"]
[EventDate "1999.03.04"]
[EventType "tourn"]
[EventRounds "15"]
[EventCountry "ROU"]
[SourceTitle "CBM 069 Extra"]
[Source "ChessBase"]
[SourceDate "1999.05.10"]
[SourceVersion "1"]
[SourceVersionDate "1999.05.10"]
[SourceQuality "1"]

1. e4 e5 2. Bc4 Bc5 3. Nf3 Nc6 4. c3 Nf6 5. d3 d6 6. Nbd2 Bd7 7. Bb3 Qe7 8. 0-0 0-0-0 9. Bd5 Ng4 10. b4 Bxf2+ 11. Rxf2 Nxf2 12. Kxf2 Rdf8 13. Nc4 f5 14. Bg5 Qe8 15. exf5 h6 16. Be3 Bxf5 17. Kg1 Ne7 18. Be4 d5 19. Bxf5+ Nxf5 20. Bc5 dxc4 21. Bxf8 Rxf8 22. dxc4 e4 23. Nd4 Qg6 24. Nxf5 Rxf5 25. Qd4 c5 26. bxc5 Qc6 27. Re1 Qxc5 28. Rxe4 g5 29. h4 gxh4 30. Rxh4 h5 31. Rh3 b6 32. Re3 Qf8 33. Re1 Rf4 34. Re4 Rf1+ 35. Kh2 Kb7 36. Qd5+ Ka6 37. c5 Rf5 38. Ra4+ Kb5 39. Rb4+ Ka5 40. Qb3 Ka6 1-0

[Event "ROM-ch sf (Women)"]
[Site "Baile Tusnad"]
[Date "1999.??.??"]
[Round "8"]
[White "Bollengier, Andreea"]
[Black "Duminica, Mariana"]
[Result "1-0"]
[WhiteElo "2211"]
[BlackElo "2110"]
[PlyCount "65"]
[EventDate "1999.09.??"]
[EventType "swiss"]
[EventRounds "9"]
[EventCountry "ROU"]
[SourceTitle "EXT 2000"]
[Source "ChessBase"]
[SourceDate "1999.11.16"]
[SourceVersion "1"]
[SourceVersionDate "1999.11.16"]
[SourceQuality "1"]

1. e4 e5 2. Nf3 d6 3. d4 Nd7 4. Bc4 c6 5. a4 Be7 6. 0-0 Ngf6 7. Nc3 0-0 8. Ba2 h6 9. Re1 Re8 10. h3 Bf8 11. Be3 exd4 12. Bxd4 c5 13. Bxf6 Nxf6 14. e5 Nh7 15. Nb5 Be6 16. exd6 Bxa2 17. Rxe8 Qxe8 18. Nc7 Qd8 19. Nxa8 Bxd6 20. Nc7 Qxc7 21. Rxa2 Nf6 22. c4 Qe7 23. b3 Nh5 24. Rd2 Bf4 25. Rd8+ Kh7 26. g3 Qf6 27. Qd3+ g6 28. Rd7 Kg7 29. gxf4 Nxf4 30. Qe4 Nxh3+ 31. Kf1 Ng5 32. Nxg5 hxg5 33. f4 1-0

[Event "ROM-ch sf (Women)"]
[Site "Baile Tusnad"]
[Date "1999.??.??"]
[Round "4"]
[White "Duminica, Mariana"]
[Black "Dragomirescu, Angela"]
[Result "1/2-1/2"]
[WhiteElo "2110"]
[BlackElo "2143"]
[PlyCount "40"]
[EventDate "1999.09.??"]
[EventType "swiss"]
[EventRounds "9"]
[EventCountry "ROU"]
[SourceTitle "EXT 2000"]
[Source "ChessBase"]
[SourceDate "1999.11.16"]
[SourceVersion "1"]
[SourceVersionDate "1999.11.16"]
[SourceQuality "1"]

1. d4 d5 2. Nf3 Nf6 3. Bg5 Ne4 4. Bh4 c6 5. e3 Qb6 6. Qc1 Bf5 7. Be2 Nd7 8. 0-0 h6 9. Nfd2 g5 10. Bg3 Nxg3 11. hxg3 Bg6 12. Bd3 Bxd3 13. cxd3 Bg7 14. Nf3 e6 15. Nc3 0-0 16. Qd2 Qa6 17. Rad1 b6 18. Kh1 c5 19. dxc5 bxc5 20. b3 f5 1/2-1/2

[Event "Bucharest Fest IM (Women)"]
[Site "Bucharest"]
[Date "1998.??.??"]
[Round "?"]
[White "Berechet, Otiliu"]
[Black "Duminica, Mariana"]
[Result "0-1"]
[WhiteElo "2220"]
[BlackElo "2095"]
[PlyCount "57"]
[EventDate "1998.10.??"]
[EventType "tourn"]
[EventRounds "11"]
[EventCountry "ROU"]
[EventCategory "5"]
[SourceTitle "EXT 2000"]
[Source "ChessBase"]
[SourceDate "1999.11.16"]
[SourceVersion "1"]
[SourceVersionDate "1999.11.16"]
[SourceQuality "1"]

1. c4 e5 2. Nc3 Nf6 3. Nf3 Nc6 4. g3 d5 5. Qa4 d4 6. Nb5 Bd7 7. d3 a6 8. Na3 e4 9. Ng5 Bb4+ 10. Kd1 exd3 11. exd3 0-0 12. Bg2 Ng4 13. Rf1 Nxh2 14. Rh1 Ng4 15. Qc2 Be7 16. Be4 h6 17. Nh3 Nf6 18. Qe2 Nxe4 19. Qxe4 Qc8 20. Nf4 Bg5 21. Re1 Bf5 22. Qe2 Re8 23. Qd2 Ne5 24. Rxe5 Rxe5 25. Kc2 b5 26. Qa5 Bxf4 27. Bxf4 Re2+ 28. Kd1 Bxd3 29. cxb5 0-1